[Event "Bundesliga 9899"]
[Site "Deutschland"]
[Date "1999.02.21"]
[Round "11.6"]
[White "Stangl, Markus"]
[Black "Polzin, Rainer"]
[Result "0-1"]
[WhiteElo "2545"]
[BlackElo "2443"]
[PlyCount "100"]
[EventDate "1998.10.17"]
[EventType "team"]
[EventRounds "15"]
[EventCountry "GER"]
[SourceTitle "Bundesliga 9899"]
[Source "DeepChess"]
[SourceDate "2005.01.01"]
[SourceVersion "1"]
[SourceVersionDate "2005.01.01"]
[SourceQuality "1"]
[WhiteTeam "SG Porz e.V."]
[BlackTeam "SF Neukoelln 03 e.V."]
[WhiteTeamCountry "GER"]
[BlackTeamCountry "GER"]

1. Nf3 Nf6 2. c4 g6 3. d4 Bg7 4. g3 O-O 5. Bg2 d6 6. O-O Nbd7 7. Qc2 c5 8. Nc3
a6 9. Rd1 Rb8 10. Bg5 cxd4 11. Nxd4 h6 12. Be3 Qc7 13. h3 Ne5 14. b3 Bd7 15.
Rac1 Kh7 16. f4 Nc6 17. Nxc6 bxc6 18. c5 d5 19. Bd4 Qc8 20. g4 Rb4 21. e3 h5
22. g5 Ne8 23. Bxg7 Nxg7 24. Kh2 Qb8 25. Qf2 e5 26. Ne4 Ne8 27. Qg3 Be6 28. Nf2
Bf5 29. fxe5 h4 30. Qf3 Qxe5+ 31. Kh1 Ng7 32. Rg1 Nh5 33. Bf1 Ng3+ 34. Kg2 Be4
35. Nxe4 Rxe4 36. Re1 Qxg5 37. Bd3 Re7 38. Qf4 Kh6 39. b4 Rfe8 40. Kf3 Qxf4+
41. Kxf4 f5 42. Kf3 d4 43. Bxa6 Rxe3+ 44. Kf2 Ne4+ 45. Kg2 Rg3+ 46. Kf1 Ra8 47.
Bb7 Rf3+ 48. Ke2 Rxa2+ 49. Kd1 Nc3+ 50. Kc1 Rff2 0-1

[Event "Bundesliga 9899"]
[Site "Deutschland"]
[Date "1999.02.21"]
[Round "11.7"]
[White "Schoene, Ralf"]
[Black "Vogt, Lothar"]
[Result "0-1"]
[WhiteElo "2425"]
[BlackElo "2466"]
[PlyCount "122"]
[EventDate "1998.10.17"]
[EventType "team"]
[EventRounds "15"]
[EventCountry "GER"]
[SourceTitle "Bundesliga 9899"]
[Source "DeepChess"]
[SourceDate "2005.01.01"]
[SourceVersion "1"]
[SourceVersionDate "2005.01.01"]
[SourceQuality "1"]
[WhiteTeam "SF Neukoelln 03 e.V."]
[BlackTeam "SG Porz e.V."]
[WhiteTeamCountry "GER"]
[BlackTeamCountry "GER"]

1. d4 Nf6 2. c4 g6 3. g3 Bg7 4. Bg2 O-O 5. Nc3 d6 6. Nf3 c6 7. O-O Bf5 8. Nh4
Be6 9. b3 d5 10. Qd3 Na6 11. c5 Ne4 12. Bb2 Nb4 13. Qd1 b6 14. a3 Na6 15. Qd3
Nxc3 16. Bxc3 Nc7 17. b4 Nb5 18. e3 bxc5 19. bxc5 Nxc3 20. Qxc3 Rb8 21. Rfb1
Qc7 22. Rb4 a5 23. Rxb8 Rxb8 24. Bf1 Bf6 25. Nf3 Bg4 26. Ne5 Bxe5 27. dxe5 Bf5
28. Be2 h5 29. Bd1 Qb7 30. Ba4 Bh3 31. Re1 Qa6 32. Qd4 Qc8 33. Bc2 Bf5 34. e4
Be6 35. Rb1 Rxb1+ 36. Bxb1 Qb7 37. Bc2 Qa6 38. Bd3 Qb7 39. Qc3 a4 40. Bc2 Qb5
41. Kg2 g5 42. Bd3 Qb3 43. Qd2 Kf8 44. h4 Qxa3 45. hxg5 Qxc5 46. g6 fxg6 47.
Qh6+ Ke8 48. Qxg6+ Kd7 49. f4 dxe4 50. Bxe4 a3 51. Bf5 Qd5+ 52. Kh2 a2 53.
Bxe6+ Qxe6 54. Qd3+ Qd5 55. Qa6 Qb3 56. Qa7+ Ke8 57. Qa8+ Kf7 58. Qh8 Qb2+ 59.
Kh3 a1=Q 60. Qxh5+ Ke6 61. Qg4+ Kd5 0-1

[Event "Bundesliga 9899"]
[Site "Deutschland"]
[Date "1999.02.21"]
[Round "11.1"]
[White "Schlosser, Philipp"]
[Black "Beikert, Guenther"]
[Result "1/2-1/2"]
[WhiteElo "2511"]
[BlackElo "2440"]
[PlyCount "49"]
[EventDate "1998.10.17"]
[EventType "team"]
[EventRounds "15"]
[EventCountry "GER"]
[SourceTitle "Bundesliga 9899"]
[Source "DeepChess"]
[SourceDate "2005.01.01"]
[SourceVersion "1"]
[SourceVersionDate "2005.01.01"]
[SourceQuality "1"]
[WhiteTeam "SK Passau 1869"]
[BlackTeam "SK Viernheim"]
[WhiteTeamCountry "GER"]
[BlackTeamCountry "GER"]

1. d4 d5 2. c4 c6 3. Nc3 Nf6 4. e3 e6 5. b3 Nbd7 6. Bb2 b6 7. Bd3 Bb7 8. Nf3 g6
9. O-O Bg7 10. cxd5 exd5 11. Ba3 Bf8 12. Bxf8 Kxf8 13. b4 Kg7 14. Qb3 a5 15. a3
Qe7 16. Nd2 axb4 17. axb4 Rxa1 18. Rxa1 Ra8 19. Rxa8 Bxa8 20. Be2 c5 21. bxc5
bxc5 22. Qa3 Qf8 23. Nb3 cxd4 24. Qxf8+ Kxf8 25. Nxd4 1/2-1/2

[Event "Bundesliga 9899"]
[Site "Deutschland"]
[Date "1999.02.21"]
[Round "11.2"]
[White "Sokolov, Andrei"]
[Black "Ribli, Zoltan"]
[Result "1/2-1/2"]
[WhiteElo "2567"]
[BlackElo "2582"]
[PlyCount "24"]
[EventDate "1998.10.17"]
[EventType "team"]
[EventRounds "15"]
[EventCountry "GER"]
[SourceTitle "Bundesliga 9899"]
[Source "DeepChess"]
[SourceDate "2005.01.01"]
[SourceVersion "1"]
[SourceVersionDate "2005.01.01"]
[SourceQuality "1"]
[WhiteTeam "SK Viernheim"]
[BlackTeam "SK Passau 1869"]
[WhiteTeamCountry "GER"]
[BlackTeamCountry "GER"]

1. c4 c5 2. Nc3 g6 3. g3 Bg7 4. Bg2 Nc6 5. e3 e6 6. Nge2 Nge7 7. O-O O-O 8. d4
cxd4 9. exd4 d5 10. cxd5 Nxd5 11. Qb3 Nde7 12. Rd1 Nf5 1/2-1/2

[Event "Bundesliga 9899"]
[Site "Deutschland"]
[Date "1999.02.21"]
[Round "11.3"]
[White "Schmidt, Peter"]
[Black "Kraai, Jesse"]
[Result "0-1"]
[WhiteElo "2412"]
[BlackElo "2386"]
[PlyCount "66"]
[EventDate "1998.10.17"]
[EventType "team"]
[EventRounds "15"]
[EventCountry "GER"]
[SourceTitle "Bundesliga 9899"]
[Source "DeepChess"]
[SourceDate "2005.01.01"]
[SourceVersion "1"]
[SourceVersionDate "2005.01.01"]
[SourceQuality "1"]
[WhiteTeam "SK Passau 1869"]
[BlackTeam "SK Viernheim"]
[WhiteTeamCountry "GER"]
[BlackTeamCountry "GER"]

1. d4 Nf6 2. Nf3 c5 3. d5 e6 4. c4 exd5 5. cxd5 d6 6. Nc3 g6 7. e4 a6 8. h3 b5
9. Bd3 Bg7 10. O-O O-O 11. Bf4 Re8 12. Re1 Ra7 13. a3 Rae7 14. Qc2 Nh5 15. Bh2
Qb6 16. Rad1 Nd7 17. g4 Nhf6 18. e5 dxe5 19. d6 Re6 20. g5 Nh5 21. Nd5 Qxd6 22.
Bf5 gxf5 23. Nf6+ Rxf6 24. Rxd6 Rxd6 25. Qxf5 Nf8 26. Qc2 c4 27. Nxe5 Ng6 28.
Nf3 Rxe1+ 29. Nxe1 Re6 30. Ng2 Bb7 31. Ne3 Nhf4 32. Qf5 Nd5 33. Nxd5 Re1+ 0-1

[Event "Bundesliga 9899"]
[Site "Deutschland"]
[Date "1999.02.21"]
[Round "11.6"]
[White "Mandel, Andreas"]
[Black "Pichler, Juergen"]
[Result "0-1"]
[WhiteElo "2360"]
[BlackElo "2395"]
[PlyCount "90"]
[EventDate "1998.10.17"]
[EventType "team"]
[EventRounds "15"]
[EventCountry "GER"]
[SourceTitle "Bundesliga 9899"]
[Source "DeepChess"]
[SourceDate "2005.01.01"]
[SourceVersion "1"]
[SourceVersionDate "2005.01.01"]
[SourceQuality "1"]
[WhiteTeam "SK Viernheim"]
[BlackTeam "SK Passau 1869"]
[WhiteTeamCountry "GER"]
[BlackTeamCountry "GER"]

1. d4 Nf6 2. Nf3 d6 3. g3 c6 4. c4 Nbd7 5. Nc3 e5 6. e4 Be7 7. Bg2 a6 8. O-O
O-O 9. h3 b5 10. c5 Qc7 11. cxd6 Bxd6 12. dxe5 Nxe5 13. Nxe5 Bxe5 14. Be3 Re8
15. Qc2 Bb7 16. Ne2 c5 17. Rad1 c4 18. Rd2 Rad8 19. Rxd8 Rxd8 20. f4 Bd6 21.
Rd1 Re8 22. e5 Bxg2 23. Kxg2 Bxe5 24. Bf2 Qb7+ 25. Kg1 Bc7 26. Nc3 h5 27. Bd4
b4 28. Bxf6 bxc3 29. Bd4 Qf3 30. Rf1 Qxg3+ 31. Qg2 Qxg2+ 32. Kxg2 cxb2 33. Kf3
Rb8 34. Rb1 f5 35. Ke3 Kf7 36. Rxb2 Rxb2 37. Bxb2 g6 38. Kd4 Bxf4 39. Kxc4 g5
40. Kd5 Bd2 41. a4 g4 42. hxg4 hxg4 43. Kd4 Ke6 44. Kd3 Bg5 45. Bd4 Kd5 0-1

[Event "Bundesliga 9899"]
[Site "Deutschland"]
[Date "1999.02.21"]
[Round "11.7"]
[White "Klebel, Martin"]
[Black "Grund, Holger"]
[Result "1/2-1/2"]
[WhiteElo "2405"]
[BlackElo "2390"]
[PlyCount "25"]
[EventDate "1998.10.17"]
[EventType "team"]
[EventRounds "15"]
[EventCountry "GER"]
[SourceTitle "Bundesliga 9899"]
[Source "DeepChess"]
[SourceDate "2005.01.01"]
[SourceVersion "1"]
[SourceVersionDate "2005.01.01"]
[SourceQuality "1"]
[WhiteTeam "SK Passau 1869"]
[BlackTeam "SK Viernheim"]
[WhiteTeamCountry "GER"]
[BlackTeamCountry "GER"]

1. d4 d5 2. c4 dxc4 3. Nf3 Nf6 4. e3 Bg4 5. h3 Bh5 6. g4 Bg6 7. Ne5 Be4 8. f3
Bxb1 9. Rxb1 e6 10. Bxc4 Nbd7 11. Qb3 Bd6 12. Qxb7 Rb8 13. Qc6 1/2-1/2

[Event "Bundesliga 9899"]
[Site "Deutschland"]
[Date "1999.02.21"]
[Round "11.8"]
[White "Schmidt, Stefan"]
[Black "Gross, David2"]
[Result "0-1"]
[WhiteElo "2230"]
[BlackElo "2371"]
[PlyCount "92"]
[EventDate "1998.10.17"]
[EventType "team"]
[EventRounds "15"]
[EventCountry "GER"]
[SourceTitle "Bundesliga 9899"]
[Source "DeepChess"]
[SourceDate "2005.01.01"]
[SourceVersion "1"]
[SourceVersionDate "2005.01.01"]
[SourceQuality "1"]
[WhiteTeam "SK Viernheim"]
[BlackTeam "SK Passau 1869"]
[WhiteTeamCountry "GER"]
[BlackTeamCountry "GER"]

1. e4 c5 2. b3 Nc6 3. Bb2 e5 4. f4 exf4 5. Bc4 d6 6. Nf3 Bg4 7. O-O Nf6 8. Qe1
Be7 9. Ng5 O-O 10. Rxf4 h6 11. Nxf7 Rxf7 12. Bxf7+ Kxf7 13. Nc3 Nd4 14. Qg3 Be6
15. Qd3 Kg8 16. Nd5 Nxd5 17. exd5 Bd7 18. Raf1 Bb5 19. c4 Be8 20. Bxd4 cxd4 21.
Qxd4 Qb6 22. Qxb6 axb6 23. Re4 Bf6 24. Re6 Rd8 25. Rfxf6 gxf6 26. Rxf6 h5 27.
Re6 Kf8 28. a4 Bf7 29. Rf6 Kg7 30. Rf3 Re8 31. Kf2 Bg6 32. d3 Re5 33. g3 Rf5
34. Rxf5 Bxf5 35. Ke3 Bd7 36. Kf4 Kf6 37. h4 Bf5 38. Ke3 Ke5 39. b4 Bd7 40. d4+
Kf5 41. c5 dxc5 42. dxc5 bxc5 43. bxc5 Bxa4 44. Kd4 Bd7 45. Ke3 Ke5 46. d6 Bg4
0-1

[Event "Bundesliga 9899"]
[Site "Deutschland"]
[Date "1999.02.21"]
[Round "11.2"]
[White "Slobodjan, Roman"]
[Black "Van der Sterren, Paul"]
[Result "1/2-1/2"]
[WhiteElo "2536"]
[BlackElo "2559"]
[PlyCount "68"]
[EventDate "1998.10.17"]
[EventType "team"]
[EventRounds "15"]
[EventCountry "GER"]
[SourceTitle "Bundesliga 9899"]
[Source "DeepChess"]
[SourceDate "2005.01.01"]
[SourceVersion "1"]
[SourceVersionDate "2005.01.01"]
[SourceQuality "1"]
[WhiteTeam "USC Magdeburg"]
[BlackTeam "SV Castrop Rauxel 1923"]
[WhiteTeamCountry "GER"]
[BlackTeamCountry "GER"]

1. e4 e5 2. Nf3 Nf6 3. Nxe5 d6 4. Nf3 Nxe4 5. c4 Be7 6. d4 O-O 7. Bd3 Ng5 8.
Nxg5 Bxg5 9. Qh5 Re8+ 10. Kd1 Bxc1 11. Qxh7+ Kf8 12. Qh8+ Ke7 13. Qh4+ Kf8 14.
Qh8+ Ke7 15. Qh4+ Kf8 16. Qxd8 Rxd8 17. Kxc1 d5 18. Rd1 Nc6 19. cxd5 Rxd5 20.
Be4 Rxd4 21. Bxc6 Rc4+ 22. Nc3 Rxc6 23. Rd8+ Ke7 24. Rg8 g6 25. Kd2 Rd6+ 26.
Ke3 b6 27. Nb5 Re6+ 28. Kf4 Re4+ 29. Kxe4 Bb7+ 30. Kf4 Rxg8 31. Re1+ Kd7 32.
Rd1+ Ke7 33. Re1+ Kd7 34. Rd1+ Ke7 1/2-1/2

[Event "Bundesliga 9899"]
[Site "Deutschland"]
[Date "1999.02.21"]
[Round "11.4"]
[White "Rogozenko, Dorian"]
[Black "Gallagher, Joseph G"]
[Result "0-1"]
[WhiteElo "2557"]
[BlackElo "2519"]
[PlyCount "94"]
[EventDate "1998.10.17"]
[EventType "team"]
[EventRounds "15"]
[EventCountry "GER"]
[SourceTitle "Bundesliga 9899"]
[Source "DeepChess"]
[SourceDate "2005.01.01"]
[SourceVersion "1"]
[SourceVersionDate "2005.01.01"]
[SourceQuality "1"]
[WhiteTeam "USC Magdeburg"]
[BlackTeam "SV Castrop Rauxel 1923"]
[WhiteTeamCountry "GER"]
[BlackTeamCountry "GER"]

1. d4 Nf6 2. c4 g6 3. g3 Bg7 4. Bg2 O-O 5. Nc3 d6 6. Nf3 Nbd7 7. O-O e5 8. e4
a6 9. Qc2 exd4 10. Nxd4 Re8 11. Nde2 Rb8 12. a4 a5 13. b3 Nc5 14. Ba3 b6 15.
Rad1 h5 16. Nd4 Bd7 17. Rfe1 h4 18. e5 Ng4 19. f4 hxg3 20. hxg3 dxe5 21. Nc6
exf4 22. Nxd8 Bd4+ 23. Kh1 Rxe1+ 24. Rxe1 Nf2+ 25. Qxf2 Bxf2 26. Rf1 fxg3 27.
Nc6 Re8 28. Bb2 Nd3 29. Ba1 Re6 30. Nb8 Re5 31. Bf3 Bh3 32. Rd1 Re1+ 33. Rxe1
Nxe1 34. Be4 g2+ 35. Bxg2 Bxg2+ 36. Kh2 Bd4 37. Kg3 Bb7 38. Nd7 f5 39. Kf4 Kf7
40. Ne5+ Bxe5+ 41. Kxe5 Nf3+ 42. Kf4 Nd2 43. Nb5 Nxb3 44. Be5 c6 45. Nc3 Nc5
46. Bb8 Ba6 47. Ba7 Nd7 0-1

[Event "Bundesliga 9899"]
[Site "Deutschland"]
[Date "1999.02.21"]
[Round "11.7"]
[White "Appel, Ralf"]
[Black "Machelett, Heiko"]
[Result "1-0"]
[WhiteElo "2490"]
[BlackElo "2436"]
[PlyCount "61"]
[EventDate "1998.10.17"]
[EventType "team"]
[EventRounds "15"]
[EventCountry "GER"]
[SourceTitle "Bundesliga 9899"]
[Source "DeepChess"]
[SourceDate "2005.01.01"]
[SourceVersion "1"]
[SourceVersionDate "2005.01.01"]
[SourceQuality "1"]
[WhiteTeam "SV Castrop Rauxel 1923"]
[BlackTeam "USC Magdeburg"]
[WhiteTeamCountry "GER"]
[BlackTeamCountry "GER"]

1. Nf3 Nf6 2. g3 g6 3. Bg2 Bg7 4. O-O O-O 5. c4 d6 6. Nc3 e5 7. b4 a5 8. b5 h6
9. Ba3 e4 10. Ne1 Re8 11. Nc2 Nbd7 12. Ne3 Ne5 13. Qc2 Neg4 14. Rad1 Nxe3 15.
dxe3 Qe7 16. b6 c5 17. Nb5 Rd8 18. Nc7 Rb8 19. Bb2 Bf5 20. Bxf6 Qxf6 21. Bxe4
Bxe4 22. Qxe4 Qb2 23. Qb1 Qxe2 24. Rd3 h5 25. f3 Qb2 26. Qxb2 Bxb2 27. Rfd1 Kf8
28. Rxd6 Ke7 29. Rxd8 Rxd8 30. Nd5+ Kf8 31. Rb1 1-0

[Event "Bundesliga 9899"]
[Site "Deutschland"]
[Date "1999.02.21"]
[Round "11.8"]
[White "Darnstaedt, Frank"]
[Black "Hennig, Dirk"]
[Result "0-1"]
[WhiteElo "2301"]
[BlackElo "2439"]
[PlyCount "124"]
[EventDate "1998.10.17"]
[EventType "team"]
[EventRounds "15"]
[EventCountry "GER"]
[SourceTitle "Bundesliga 9899"]
[Source "DeepChess"]
[SourceDate "2005.01.01"]
[SourceVersion "1"]
[SourceVersionDate "2005.01.01"]
[SourceQuality "1"]
[WhiteTeam "USC Magdeburg"]
[BlackTeam "SV Castrop Rauxel 1923"]
[WhiteTeamCountry "GER"]
[BlackTeamCountry "GER"]

1. e4 g6 2. d4 Bg7 3. Nc3 c6 4. Nf3 b5 5. Bd3 d6 6. h3 Nd7 7. O-O Bb7 8. d5 a6
9. dxc6 Bxc6 10. a4 b4 11. Nd5 a5 12. Bb5 Bxb5 13. axb5 e6 14. Ne3 Qc7 15. Nd2
Ne7 16. Ndc4 Nc8 17. Bd2 Qb7 18. Nxa5 Qxb5 19. Nb3 Rxa1 20. Qxa1 Nc5 21. Nxc5
dxc5 22. Qa2 O-O 23. Qc4 Qb6 24. c3 Rd8 25. Rd1 Nd6 26. Qd3 Nf5 27. Nd5 exd5
28. exf5 bxc3 29. bxc3 c4 30. Qc2 Qb3 31. Qxb3 cxb3 32. Rb1 Rb8 33. fxg6 fxg6
34. Kf1 d4 35. cxd4 Bxd4 36. Ke2 b2 37. Kd3 Bf6 38. Bf4 Rc8 39. Bd2 Kf7 40. Re1
Ra8 41. Kc2 Ra1 42. Bb4 g5 43. g4 h6 44. Bd2 Be5 45. Bb4 Ke6 46. Rb1 Kd5 47.
Bf8 Ra6 48. Re1 Bh8 49. Bb4 Ra1 50. f3 Kc4 51. Bd2 Bg7 52. Re4+ Bd4 53. Re1 Kb5
54. Rb1 Be5 55. Re1 Ka4 56. Re4+ Ka3 57. Rb4 Rc1+ 58. Bxc1 bxc1=Q+ 59. Kxc1
Kxb4 60. Kd2 Kc4 61. Ke3 Kd5 62. h4 Bd4+ 0-1

[Event "Bundesliga 9899"]
[Site "Deutschland"]
[Date "1999.03.20"]
[Round "12.2"]
[White "Lanka, Zigurds"]
[Black "Conquest, Stuart"]
[Result "0-1"]
[WhiteElo "2521"]
[BlackElo "2488"]
[PlyCount "80"]
[EventDate "1998.10.17"]
[EventType "team"]
[EventRounds "15"]
[EventCountry "GER"]
[SourceTitle "Bundesliga 9899"]
[Source "DeepChess"]
[SourceDate "2005.01.01"]
[SourceVersion "1"]
[SourceVersionDate "2005.01.01"]
[SourceQuality "1"]
[WhiteTeam "Dresdner SC 1898"]
[BlackTeam "Delmenhorster SK 1931"]
[WhiteTeamCountry "GER"]
[BlackTeamCountry "GER"]

1. e4 e6 2. d4 d5 3. Nc3 dxe4 4. Nxe4 Nd7 5. Nf3 Ngf6 6. Nxf6+ Nxf6 7. Bc4 c5
8. O-O a6 9. a4 cxd4 10. Qe2 Bc5 11. Bg5 O-O 12. Rfd1 Qc7 13. Bxf6 gxf6 14.
Nxd4 e5 15. Nb3 Be7 16. Bd5 Kh8 17. Rd3 Bf5 18. Be4 Bg6 19. Rc3 Qd7 20. Rd1
Qxa4 21. Bxg6 hxg6 22. Rc7 Rae8 23. Rxb7 Kg7 24. Rdd7 Bd8 25. Nc5 Qa2 26. h4 e4
27. h5 Re5 28. b4 Rxh5 29. Nxe4 Re5 30. f4 Qa1+ 31. Kf2 Re6 32. Qc4 Bb6+ 33.
Kf3 Qe1 34. Qxe6 Qe3+ 35. Kg4 Qe2+ 36. Kg3 Bf2+ 37. Nxf2 Qxe6 38. Kf3 Qc6+ 39.
Kg3 Qxc2 40. Kf3 Qc6+ 0-1

[Event "Bundesliga 9899"]
[Site "Deutschland"]
[Date "1999.03.20"]
[Round "12.3"]
[White "Gisbrecht, Ewgeni"]
[Black "Maiwald, Jens Uwe"]
[Result "1/2-1/2"]
[WhiteElo "2405"]
[BlackElo "2467"]
[PlyCount "121"]
[EventDate "1998.10.17"]
[EventType "team"]
[EventRounds "15"]
[EventCountry "GER"]
[SourceTitle "Bundesliga 9899"]
[Source "DeepChess"]
[SourceDate "2005.01.01"]
[SourceVersion "1"]
[SourceVersionDate "2005.01.01"]
[SourceQuality "1"]
[WhiteTeam "Delmenhorster SK 1931"]
[BlackTeam "Dresdner SC 1898"]
[WhiteTeamCountry "GER"]
[BlackTeamCountry "GER"]

1. Nf3 g6 2. g3 Bg7 3. d4 Nf6 4. Bg2 O-O 5. O-O d6 6. c4 Nc6 7. d5 Na5 8. Nfd2
c6 9. Nc3 cxd5 10. cxd5 Bd7 11. e4 Rc8 12. h3 Qb6 13. Rb1 e6 14. Nb3 Nc4 15.
dxe6 fxe6 16. Nd2 Nh5 17. Nxc4 Rxc4 18. Ne2 Rd4 19. Nxd4 Bxd4 20. Be3 Bxe3 21.
fxe3 Qxe3+ 22. Kh2 Qxg3+ 23. Kh1 Rxf1+ 24. Qxf1 Bc6 25. Qe1 Qe5 26. Qc3 Ng3+
27. Kh2 Qxc3 28. bxc3 Nxe4 29. Re1 d5 30. Bxe4 dxe4 31. Kg3 Kf7 32. Rf1+ Ke7
33. Kf4 Kf6 34. h4 Kg7 35. Ke3 e5 36. a3 h6 37. Rg1 Kf6 38. Rf1+ Ke6 39. Rf8
Ke7 40. Rh8 Kf6 41. Rf8+ Ke7 42. Rf2 Ke6 43. Rf8 a6 44. Ke2 Ke7 45. Rf2 g5 46.
hxg5 hxg5 47. Rf5 Ke6 48. Rxg5 Kd5 49. Kd2 Kc4 50. Rxe5 Kb3 51. a4 Kxa4 52. Kc2
Ka3 53. Re7 a5 54. Re5 a4 55. Re7 Bd5 56. Re5 Bb3+ 57. Kc1 Bc4 58. Rxe4 Kb3 59.
Re3 a3 60. Kb1 a2+ 61. Ka1 1/2-1/2

[Event "Bundesliga 9899"]
[Site "Deutschland"]
[Date "1999.03.20"]
[Round "12.4"]
[White "Boensch, Uwe"]
[Black "Lauber, Arnd"]
[Result "1/2-1/2"]
[WhiteElo "2533"]
[BlackElo "2418"]
[PlyCount "130"]
[EventDate "1998.10.17"]
[EventType "team"]
[EventRounds "15"]
[EventCountry "GER"]
[SourceTitle "Bundesliga 9899"]
[Source "DeepChess"]
[SourceDate "2005.01.01"]
[SourceVersion "1"]
[SourceVersionDate "2005.01.01"]
[SourceQuality "1"]
[WhiteTeam "Dresdner SC 1898"]
[BlackTeam "Delmenhorster SK 1931"]
[WhiteTeamCountry "GER"]
[BlackTeamCountry "GER"]

1. d4 Nf6 2. c4 e6 3. Nf3 b6 4. g3 Ba6 5. Nbd2 Bb7 6. Bg2 c5 7. e4 cxd4 8. Nxd4
Bc5 9. N4b3 d6 10. O-O e5 11. Nb1 h6 12. Nc3 Nc6 13. Nd5 Nxd5 14. exd5 Nd4 15.
Qg4 Qf6 16. Nxc5 bxc5 17. f4 Bc8 18. Qd1 O-O 19. Bd2 Rb8 20. Bc3 Qg6 21. Qd2
Bg4 22. Rae1 Qh5 23. fxe5 dxe5 24. Bxd4 exd4 25. Re7 Qg6 26. b3 Rbe8 27. Rfe1
Rxe7 28. Rxe7 Qf6 29. Re1 Bf5 30. Bf1 Qd6 31. Qf4 Qxf4 32. gxf4 Rd8 33. Re7 Kf8
34. Re5 g6 35. Kf2 Re8 36. d6 Rxe5 37. fxe5 Ke8 38. Bg2 Kd7 39. b4 f6 40. exf6
Kxd6 41. bxc5+ Ke6 42. c6 Kxf6 43. c7 Bc8 44. c5 Ke7 45. Bc6 Ke6 46. Ke2 g5 47.
Kd3 Ke5 48. Kc4 g4 49. Be8 Be6+ 50. Kb4 a5+ 51. Kxa5 d3 52. Kb6 d2 53. Ba4 h5
54. Bb3 Bc8 55. Ka7 h4 56. Kb8 Bf5 57. Bc2 Bxc2 58. c8=Q d1=Q 59. Qh8+ Kf4 60.
Qxh4 Qf3 61. c6 Ke3 62. c7 Bf5 63. c8=Q Bxc8 64. Kxc8 Ke2 65. Kc7 Kf1 1/2-1/2

[Event "Bundesliga 9899"]
[Site "Deutschland"]
[Date "1999.03.20"]
[Round "12.5"]
[White "Beckemeier, Werner"]
[Black "Tischbierek, Raj"]
[Result "0-1"]
[WhiteElo "2373"]
[BlackElo "2521"]
[PlyCount "62"]
[EventDate "1998.10.17"]
[EventType "team"]
[EventRounds "15"]
[EventCountry "GER"]
[SourceTitle "Bundesliga 9899"]
[Source "DeepChess"]
[SourceDate "2005.01.01"]
[SourceVersion "1"]
[SourceVersionDate "2005.01.01"]
[SourceQuality "1"]
[WhiteTeam "Delmenhorster SK 1931"]
[BlackTeam "Dresdner SC 1898"]
[WhiteTeamCountry "GER"]
[BlackTeamCountry "GER"]

1. e4 g6 2. d4 d6 3. Nc3 Bg7 4. Be3 Nf6 5. Qd2 c6 6. Nf3 b5 7. Bd3 Bg4 8. e5
Nfd7 9. Bh6 O-O 10. Bxg7 Kxg7 11. Ng5 dxe5 12. h3 Be6 13. h4 h6 14. Nxe6+ fxe6
15. Qe3 exd4 16. Qxd4+ Nf6 17. Qe3 Qd6 18. Ne4 Nd5 19. Qc5 Qc7 20. f3 Nd7 21.
Qd4+ Qe5 22. Qxe5+ Nxe5 23. Nc5 Nf4 24. O-O Nexd3 25. cxd3 Rf5 26. b4 a5 27. a3
Kf7 28. Rac1 axb4 29. axb4 Ra2 30. Rf2 Rxf2 31. Kxf2 Rxc5 0-1

[Event "Bundesliga 9899"]
[Site "Deutschland"]
[Date "1999.03.20"]
[Round "12.6"]
[White "Borriss, Martin"]
[Black "Breutigam, Martin"]
[Result "1-0"]
[WhiteElo "2408"]
[BlackElo "2365"]
[PlyCount "131"]
[EventDate "1998.10.17"]
[EventType "team"]
[EventRounds "15"]
[EventCountry "GER"]
[SourceTitle "Bundesliga 9899"]
[Source "DeepChess"]
[SourceDate "2005.01.01"]
[SourceVersion "1"]
[SourceVersionDate "2005.01.01"]
[SourceQuality "1"]
[WhiteTeam "Dresdner SC 1898"]
[BlackTeam "Delmenhorster SK 1931"]
[WhiteTeamCountry "GER"]
[BlackTeamCountry "GER"]

1. e4 e5 2. Nf3 Nc6 3. Bb5 f5 4. Nc3 Nd4 5. Bc4 c6 6. d3 Nxf3+ 7. Qxf3 Qf6 8.
Qd1 f4 9. g3 Bb4 10. gxf4 exf4 11. d4 d6 12. Qd3 Bg4 13. Rg1 Nh6 14. Bd2 O-O-O
15. f3 Qh4+ 16. Kd1 Bd7 17. Ne2 Bxd2 18. Kxd2 g5 19. Qa3 Kc7 20. Qa5+ Kb8 21.
Qxg5 Qxg5 22. Rxg5 Rdf8 23. Rag1 Be8 24. Be6 Rf6 25. d5 Bf7 26. Nd4 c5 27. Bxf7
Nxf7 28. Rf5 Rxf5 29. Nxf5 Ne5 30. Ke2 Rd8 31. Rg7 h5 32. h4 a5 33. a4 Ka7 34.
Rg5 c4 35. Rxh5 b5 36. axb5 c3 37. bxc3 a4 38. Nd4 Kb6 39. Rg5 a3 40. Rg1 Rh8
41. Rh1 Kc5 42. h5 Kc4 43. Kd2 Rg8 44. Kc1 Rg2 45. Kb1 Kxc3 46. Rd1 Nc4 47.
Rd3+ Kb4 48. Ka2 Rh2 49. h6 Rxh6 50. Rb3+ Ka5 51. b6 Nxb6 52. Rxa3+ Kb4 53.
Rb3+ Ka5 54. Kb2 Nc4+ 55. Kc3 Ne3 56. Nc6+ Ka6 57. Nb8+ Ka5 58. Nc6+ Ka6 59.
Kd3 Rh2 60. Nb8+ Ka5 61. Nc6+ Ka4 62. Rc3 Nf1 63. Rc4+ Ka3 64. Nd4 Nd2 65. Rc6
Nb1 66. Rxd6 1-0

[Event "Bundesliga 9899"]
[Site "Deutschland"]
[Date "1999.03.20"]
[Round "12.7"]
[White "Jugelt, Tobias"]
[Black "Gauglitz, Gernot"]
[Result "1-0"]
[WhiteElo "2363"]
[BlackElo "2410"]
[PlyCount "97"]
[EventDate "1998.10.17"]
[EventType "team"]
[EventRounds "15"]
[EventCountry "GER"]
[SourceTitle "Bundesliga 9899"]
[Source "DeepChess"]
[SourceDate "2005.01.01"]
[SourceVersion "1"]
[SourceVersionDate "2005.01.01"]
[SourceQuality "1"]
[WhiteTeam "Delmenhorster SK 1931"]
[BlackTeam "Dresdner SC 1898"]
[WhiteTeamCountry "GER"]
[BlackTeamCountry "GER"]

1. d4 Nf6 2. Nf3 g6 3. Bg5 Bg7 4. Nbd2 d5 5. e3 Bf5 6. c4 c6 7. Qb3 Qb6 8. Be2
Nbd7 9. O-O h6 10. Bxf6 Bxf6 11. cxd5 Qxb3 12. Nxb3 cxd5 13. Rfc1 O-O 14. Rc7
Rab8 15. Bb5 Nb6 16. Na5 a6 17. Bf1 Bc8 18. Rac1 e6 19. Ne5 Bd8 20. R7c2 Be7
21. a3 Bd6 22. f4 Kg7 23. Bd3 g5 24. g3 Re8 25. h4 gxh4 26. gxh4 Kf8 27. Rg2
Bd7 28. Kh2 Bb5 29. Bh7 Ke7 30. Rcg1 Bxe5 31. fxe5 Rec8 32. Rf2 Rc7 33. Rg3 Rf8
34. Rgf3 Nd7 35. e4 dxe4 36. Bxe4 b6 37. Nb7 Bc6 38. Nd6 f6 39. Rc3 fxe5 40.
Rxf8 Nxf8 41. dxe5 Kd7 42. Bd3 b5 43. Kg3 Ke7 44. Kf4 Nd7 45. Be4 Nb8 46. Bb1
Kf8 47. Ba2 Re7 48. Rg3 Nd7 49. Nf5 1-0